| 000 | 00523nam a22001937a 4500 | ||
|---|---|---|---|
| 003 | CEME | ||
| 005 | 20210628202954.0 | ||
| 008 | 210215b xxu||||| |||| 00| 0 eng d | ||
| 020 | _a0-8311-2575-6 | ||
| 040 | _c. | ||
| 082 | _a621.80212 OBE | ||
| 100 |
_aOberg, Erik Jones, Franklin D Horton, Holbrook L _962649 |
||
| 245 | _aMachinery's handbook | ||
| 250 | _a5TH | ||
| 260 |
_aNEW YORK _bINDUSTRIAL PRESS _c1996 |
||
| 300 | _aV,2547P | ||
| 650 |
_aMECHANICAL ENGINEERING HANDBOOK MANUALS _962650 |
||
| 942 |
_cBK _2ddc |
||
| 999 |
_c571695 _d571695 |
||